<?xml version="1.0" encoding="UTF-8"?><?xml-stylesheet type="text/xsl" href="static/style.xsl"?><OAI-PMH xmlns="http://www.openarchives.org/OAI/2.0/" xmlns:xsi="http://www.w3.org/2001/XMLSchema-instance" xsi:schemaLocation="http://www.openarchives.org/OAI/2.0/ http://www.openarchives.org/OAI/2.0/OAI-PMH.xsd"><responseDate>2026-04-17T01:04:39Z</responseDate><request verb="GetRecord" identifier="oai:www.recercat.cat:2117/184218" metadataPrefix="marc">https://recercat.cat/oai/request</request><GetRecord><record><header><identifier>oai:recercat.cat:2117/184218</identifier><datestamp>2025-07-17T10:35:20Z</datestamp><setSpec>com_2072_1033</setSpec><setSpec>col_2072_452950</setSpec></header><metadata><record xmlns="http://www.loc.gov/MARC21/slim" xmlns:dcterms="http://purl.org/dc/terms/" xmlns:xsi="http://www.w3.org/2001/XMLSchema-instance" xmlns:doc="http://www.lyncode.com/xoai" xsi:schemaLocation="http://www.loc.gov/MARC21/slim http://www.loc.gov/standards/marcxml/schema/MARC21slim.xsd">
   <leader>00925njm 22002777a 4500</leader>
   <datafield ind2=" " ind1=" " tag="042">
      <subfield code="a">dc</subfield>
   </datafield>
   <datafield ind2=" " ind1=" " tag="720">
      <subfield code="a">Casanellas Peñalver, Glòria</subfield>
      <subfield code="e">author</subfield>
   </datafield>
   <datafield ind2=" " ind1=" " tag="720">
      <subfield code="a">Castro Pérez, Jordi</subfield>
      <subfield code="e">author</subfield>
   </datafield>
   <datafield ind2=" " ind1=" " tag="260">
      <subfield code="c">2019-05</subfield>
   </datafield>
   <datafield ind2=" " ind1=" " tag="520">
      <subfield code="a">Research Report UPC-DEIO DR 2019</subfield>
   </datafield>
   <datafield ind2=" " ind1=" " tag="520">
      <subfield code="a">Designing progressive lenses is a complex problem that has beenpreviously solved by formulating an optimization model based on Cartesiancoordinates. In this work a new progressive lens model using spherical co-ordinates is presented, and interior point solvers are used to solve this newoptimization model. Although this results in a highly nonlinear, nonconvex,continuous optimization problem, the new spherical coordinates model exhibitsbetter convexity properties compared to previous ones based on Cartesian co-ordinates. The real-world instances considered gave rise to nonlinear optimiza-tion problems of about 900 variables and 15000 constraints. Each constraintcorresponds to a point of the grid used to define the lens surface. The numberof variables depends on the precision of a B-spline basis used for the repre-sentation of the surface, and the number of constraints depends on the shapeand quality of the design. We present results of progressive lenses obtainedusing the AMPL modeling language and the nonlinear interior point solversIPOPT, LOQO and KNITRO. Computational results are reported, as wellas some examples of real-world progressive lenses calculated using this newmodel. Progressive lenses obtained are competitive in terms of quality withthose resulting from previous models that are used in commercial glasses.</subfield>
   </datafield>
   <datafield ind2=" " ind1=" " tag="520">
      <subfield code="a">Peer Reviewed</subfield>
   </datafield>
   <datafield ind2=" " ind1=" " tag="520">
      <subfield code="a">Preprint</subfield>
   </datafield>
   <datafield tag="653" ind2=" " ind1=" ">
      <subfield code="a">Àrees temàtiques de la UPC::Matemàtiques i estadística::Investigació operativa</subfield>
   </datafield>
   <datafield tag="653" ind2=" " ind1=" ">
      <subfield code="a">Nonlinear optimization</subfield>
   </datafield>
   <datafield tag="653" ind2=" " ind1=" ">
      <subfield code="a">Interior point methods</subfield>
   </datafield>
   <datafield tag="653" ind2=" " ind1=" ">
      <subfield code="a">Optical lens design</subfield>
   </datafield>
   <datafield tag="653" ind2=" " ind1=" ">
      <subfield code="a">Progressive lenses</subfield>
   </datafield>
   <datafield tag="653" ind2=" " ind1=" ">
      <subfield code="a">Optimization industry applications</subfield>
   </datafield>
   <datafield tag="653" ind2=" " ind1=" ">
      <subfield code="a">Classificació AMS::49 Calculus of variations and optimal control; optimization</subfield>
   </datafield>
   <datafield ind2="0" ind1="0" tag="245">
      <subfield code="a">Using interior point solvers for optimizing progressive lens models with spherical coordinates</subfield>
   </datafield>
</record></metadata></record></GetRecord></OAI-PMH>